Online
Catalog

Historia universal : / (Record no. 16450)

MARC details
000 -CABECERA
campo de control de longitud fija 01468nam a2200229 a 4500
001 - NÚMERO DE CONTROL
campo de control 000016918
005 - FECHA Y HORA DE LA ÚLTIMA TRANSACCIÓN
campo de control 20200929165001.0
008 - DATOS DE LONGITUD FIJA--INFORMACIÓN GENERAL
campo de control de longitud fija 100312s1999 sp abc 000 0 spa d
020 ## - NÚMERO INTERNACIONAL ESTÁNDAR DEL LIBRO
Número Internacional Estándar del Libro 8449408288
040 ## - FUENTE DE LA CATALOGACIÓN
Centro catalogador/agencia de origen DO-SdBNP
Lengua de catalogación spa
Centro/agencia transcriptor BNPHU
082 ## - NÚMERO DE LA CLASIFICACIÓN DECIMAL DEWEY
Número de clasificación R 909
Número de documento/Ítem H673u
245 00 - MENCIÓN DE TÍTULO
Título Historia universal : /
Mención de responsabilidad, etc. dirección Carlos Gispert ; edición Graciela D'Angelo ...[ et. al ]; prólogo José Manuel Cuenca Toribio.
260 ## - PUBLICACIÓN, DISTRIBUCIÓN, ETC.
Lugar de publicación, distribución, etc. Barcelona, España :
Nombre del editor, distribuidor, etc. Instituto Gallach,
Fecha de publicación, distribución, etc. 1999.
300 ## - DESCRIPCIÓN FÍSICA
Extensión 10 v. :
Otras características físicas il., maps., retrs. ;
Dimensiones 30 cm.
504 ## - NOTA DE BIBLIOGRAFÍA, ETC.
Nota de bibliografía, etc. Incluye bibliografía comentada al final de cada volúmen
505 2# - NOTA DE CONTENIDO CON FORMATO
Nota de contenido con formato v.1. Prehistoria y primeras culturas / José M. Blazquez Martínez -- v.2. Antiguedad Clásica / Juan Francisco Rodríguez Neila -- v.3. Alta Edad Media (ss. V-XIII) / José Angel García de Cortázar y Ruiz de Aguirre -- v.4. Baja Edad Media (ss. XIII-XV) / Manuel Riu Riu v.5. Siglo XVl / José Ignacio Fortea Pérez -- v.6. Siglo XVll / Antonio Eiras Roel -- v.7. Siglo XVlll / Luis Miguel Enciso Recio -- v.8. Siglo XlX / Luis Palacios Bañuelos -- v.9. Siglo XX (1900-1945) / Antonio Fernández García -- v.10. Siglo XX (de 1945 a la actualidad) / José Manuel Cuenca Toribio.
650 #4 - PUNTO DE ACCESO ADICIONAL DE MATERIA--TÉRMINO DE MATERIA
Término de materia o nombre geográfico como elemento de entrada Historia universal
Subdivisión de forma ENCICLOPEDIAS Y DICCIONARIOS
9 (RLIN) 37399
700 1# - PUNTO DE ACCESO ADICIONAL--NOMBRE DE PERSONA
Nombre de persona Gispert, Carlos,
Término indicativo de función/relación dir.
9 (RLIN) 11248
700 1# - PUNTO DE ACCESO ADICIONAL--NOMBRE DE PERSONA
Nombre de persona D'Angelo, Graciela,
Término indicativo de función/relación ed.
9 (RLIN) 37417
700 1# - PUNTO DE ACCESO ADICIONAL--NOMBRE DE PERSONA
Nombre de persona Cuenca Toribio, José Manuel
Término indicativo de función/relación pról.
9 (RLIN) 37418
910 ## - DATOS DE OPCIÓN DEL USUARIO (OCLC)
Datos de opción del usuario Validado. Control de calidad BNPHU
Holdings
Estado de retiro Estado de pérdida Restricciones de uso No para préstamo Código de colección Localización permanente Ubicación/localización actual Ubicación en estantería Fecha de adquisición Número de inventario Total de préstamos Signatura topográfica completa Código de barras Fecha visto por última vez Precio válido a partir de Tipo de ítem Koha
        Monografías: Libros y Folletos General General Depósito 12.03.2010 LF1   R 909 H673u | v. 1 16918-10 25.06.2020 25.06.2020 Préstamo en sala
        Monografías: Libros y Folletos General General Depósito 12.03.2010 LF1   R 909 H673u | v. 10 16918-100 25.06.2020 25.06.2020 Préstamo en sala
        Monografías: Libros y Folletos General General Depósito 12.03.2010 LF1   R 909 H673u | v. 2 16918-20 25.06.2020 25.06.2020 Préstamo en sala
        Monografías: Libros y Folletos General General Depósito 12.03.2010 LF1   R 909 H673u | v. 3 16918-30 25.06.2020 25.06.2020 Préstamo en sala
        Monografías: Libros y Folletos General General Depósito 12.03.2010 LF1   R 909 H673u | v. 4 16918-40 25.06.2020 25.06.2020 Préstamo en sala
        Monografías: Libros y Folletos General General Depósito 12.03.2010 LF1   R 909 H673u | v. 5 16918-50 25.06.2020 25.06.2020 Préstamo en sala
        Monografías: Libros y Folletos General General Depósito 12.03.2010 LF1   R 909 H673u | v. 6 16918-60 25.06.2020 25.06.2020 Préstamo en sala
        Monografías: Libros y Folletos General General Depósito 12.03.2010 LF1   R 909 H673u | v. 7 16918-70 25.06.2020 25.06.2020 Préstamo en sala
        Monografías: Libros y Folletos General General Depósito 12.03.2010 LF1   R 909 H673u | v. 8 16918-80 25.06.2020 25.06.2020 Préstamo en sala
        Monografías: Libros y Folletos General General Depósito 12.03.2010 LF1   R 909 H673u | v. 9 16918-90 25.06.2020 25.06.2020 Préstamo en sala

Powered by Koha